L'age de la pierre

Guardado en:
Detalles Bibliográficos
Autor principal: Riviére, Georges (Autor)
Formato: Libro
Lenguaje:francés
Publicado: París Schleicher Fréres 1902
Colección:Bibliothéque d'Historie et de Geographie Universalles, IV
Materias:
Etiquetas: Agregar Etiqueta
Sin Etiquetas, Sea el primero en etiquetar este registro!

MARC

LEADER 00000nam a2200000 a 4500
001 UCP7880
003 CL-VaPUC
008 000106e19020000FR |||||||||||||||||fre|d
082 0 4 |a 930.13  |b RIV  |2 21 
100 0 |a Riviére, Georges  |e author  |9 437562 
245 1 2 |a L'age de la pierre 
300 |a 183 p 
942 |c BK 
945 |d 20000106 00:00:00  |a rherrera 
260 |a París  |b Schleicher Fréres  |c 1902 
650 0 |a Prehistoria  |9 316557 
650 7 |a EDAD DE PIEDRA  |2 CL-VaPUC  |9 351856 
650 7 |a OBJETOS ARQUEOLOGICOS  |2 CL-VaPUC  |9 344521 
583 |a last modification  |c 20000106 00:00:00  |k Rodrigo Vera 
490 0 |a Bibliothéque d'Historie et de Geographie Universalles, IV 
999 |c 284918  |d 284916 
952 |0 0  |1 0  |4 0  |6 930_130000000000000_RIV_1902  |7 0  |8 X  |9 329226  |a BIBHIS  |b BIBHIS  |d 2019-11-20  |i 1377876  |o 930.13 RIV 1902  |p 1377876  |r 2024-01-30  |w 2019-11-20  |y BK_X  |k HIS